|
|
|
|
| LEADER |
00000nab#a22000007a#4500 |
| 001 |
arbauad036215 |
| 003 |
AR-BaUAD |
| 005 |
20250711112849.0 |
| 008 |
990330|||||||||###||||||b###|0###a|spa|| |
| 040 |
|
|
|a AR-BaUAD
|c AR-BaUAD
|b spa
|
| 100 |
|
|
|a Capella, Juli
|
| 245 |
|
|
|a Le radici del design :
|b il percorso sotterraneo che condice al progetto /
|c Juli Capella; Loredana Mascheroni; Francesca Picchi;
|
| 300 |
0 |
|
|b fot.
|
| 653 |
|
|
|a DISEÑO INDUSTRIAL
|
| 653 |
|
|
|a DISEÑADORES
|
| 653 |
|
|
|a LOVEAROVE, ROSS
|
| 653 |
|
|
|a NEWSON, MARC
|
| 653 |
|
|
|a MARI, ENZO
|
| 653 |
|
|
|a STUDIO SOWDEN
|
| 653 |
|
|
|a BENEDITO, RAMON
|
| 653 |
|
|
|a CASTELLI, CLINO TRINI
|
| 700 |
1 |
|
|a Mascheroni, Loredana
|
| 700 |
1 |
|
|a Picchi, Francesca
|
| 773 |
0 |
|
|t DOMUS
|g Nº812 [feb. 1999], p. 59-73
|
| 942 |
|
|
|c ARTI
|
| 952 |
|
|
|0 0
|1 0
|4 0
|7 0
|9 81134
|a AR-BAuAD
|b AR-BAuAD
|d 2025-07-11
|l 0
|p AAQA036215
|r 2025-07-11 11:28:49
|w 2025-07-11
|y ARTI
|
| 990 |
|
|
|a DI199
|b TD
|
| 998 |
|
|
|a AAQ
|b BIBUN76
|
| 999 |
|
|
|c 60807
|d 60807
|